Vztah žaludečních protilátek ke stavu žaludeční sliznice

Bibliographic Details
Main Authors: Fixa, Bohumil, 1929-2014 (Author), Komárková, Olga (Author), Nožička, Z. (Author), Nožička, J. (Author)
Corporate Author: Spoločný zjazd Českej gastroenterologickej a Českej hepatologickej spoločnosti (Author)
Format: Conference Proceeding Article
Language:Slovak
Czech
ISSN:1213-323X
Subjects:

MARC

LEADER 00000nab a2200000 a 4500
001 vtls000783882
003 SK-MaSNL
005 20260305000905.0
008 250429c2001 xo 0 slo
015 |a SNBRB2002/02-05620 
035 |a CLN000135562 
035 |a urn:nbn:sk:snk-abd46u 
035 |a (urnnbn)urn:nbn:sk:snk:ar-007lj4 
035 |a (uuid)611c88e2-ad83-46f4-ac40-54e671c0ad2e 
040 |a SNKBUCL  |b slo  |c SNKBUCL  |e AACR2 
041 0 |a cze 
044 |a xo  |c SK 
080 |a 616.33-002-097  |2 1997 
245 0 0 |a Vztah žaludečních protilátek ke stavu žaludeční sliznice  |c B. Fixa ... [et al.] 
650 0 7 |a sliznica žalúdočná  |x protilátky  |2 snkbucl  |9 1575850 
650 0 7 |a žalúdok  |x protilátky  |2 snkbucl  |9 1575851 
650 0 7 |a gastritída  |2 snkbucl  |9 19099 
655 7 |a články z novín a časopisov  |2 snkbucl  |9 267496 
700 1 |a Fixa, Bohumil,  |d 1929-2014  |4 aut  |9 215529 
700 1 |a Komárková, Olga  |4 aut  |9 64554 
700 1 |a Nožička, Z.  |4 aut  |9 946158 
700 1 |a Nožička, J.  |4 aut  |9 856102 
711 1 |a Spoločný zjazd Českej gastroenterologickej a Českej hepatologickej spoločnosti  |d 2001  |c Liberec, Česko  |4 aut  |9 1401002 
773 0 |t Česká a slovenská gastroenterologie a hepatologie  |g Roč. 55, Supplementum 1 (2001), s. 52-53  |x 1213-323X 
850 |a Slovenská národná knižnica 
852 |a Slovenská národná knižnica 
954 |a odborná, vedecká literatúra cudzojazyčná (svetová)  |2 lita 
958 |a article17 
958 |a MI 
958 |a OND 
958 |a EUIPO 
999 |c 3216004  |d 3217934